000 00486cam a2200181 4500
001 D5401
008 090401t1985 xxu||||| |||| 00| 0 eng d
035 _a(Sirsi) u48519
041 _aeng
050 _a658.99
100 _aHarlow, P.A.
245 4 _aThe practice of site management. Volume 3, compiled and edited by P.A. Harlow
260 _aAscot, Berks
_bChartered Institute of Building
_c1985
300 _a216p. ill. 25cm
350 _a7
942 _n0
948 _c04/03/1997
999 _c92355
_d92355